FATCA. Una ley de Estados Unidos con impacto global (Registro nro. 19752)

Detalles MARC
000 -LEADER
fixed length control field 00330 a2200109 4500
001 - CONTROL NUMBER
control field ART_38302
005 - DATE AND TIME OF LATEST TRANSACTION
control field 20260410161752.0
008 - FIXED-LENGTH DATA ELEMENTS--GENERAL INFORMATION
fixed length control field 260409a
100 1# - MAIN ENTRY--PERSONAL NAME
Personal name Torassa, Marcos R.
245 10 - TITLE STATEMENT
Title FATCA. Una ley de Estados Unidos con impacto global
773 0# - HOST ITEM ENTRY
Title Doctrina tributaria
Related parts - Nº 408 (mar. 2014)
Record control number REV4296

No hay ítems disponibles.